Sattothari hindi natakom mem yug chetana/ (Record no. 40866)

000 -LEADER
fixed length control field 00421nam a22001571a 4500
020 ## - INTERNATIONAL STANDARD BOOK NUMBER
ISBN 9789381317709
082 ## - DEWEY DECIMAL CLASSIFICATION NUMBER
Classification number H200 9
Item number VIJ/S
100 ## - MAIN ENTRY--AUTHOR NAME
Personal name Vijaya Digambar Rao Gatve
245 ## - TITLE STATEMENT
Title Sattothari hindi natakom mem yug chetana/
Statement of responsibility, etc by Vijaya Digambar Rao Gatve
260 ## - PUBLICATION, DISTRIBUTION, ETC. (IMPRINT)
Place of publication Kanpur:
Name of publisher Vikas,
Year of publication 2013.
300 ## - PHYSICAL DESCRIPTION
Number of Pages 255p.
650 ## - SUBJECT ADDED ENTRY--TOPICAL TERM
Topical Term Drama Hindi History
650 ## - SUBJECT ADDED ENTRY--TOPICAL TERM
Topical Term Literature Hindi
650 ## - SUBJECT ADDED ENTRY--TOPICAL TERM
Topical Term Literature
942 ## - ADDED ENTRY ELEMENTS (KOHA)
Koha item type Book
Holdings
Withdrawn status Lost status Damaged status Not for loan Permanent Location Current Location Shelving location Date acquired Cost, normal purchase price Full call number Accession Number Cost, replacement price Price effective from Koha item type
        Sree Sankaracharya University of Sanskrit Sree Sankaracharya University of Sanskrit Stacks 08.01.2015 525.00 H2009 VIJ/S 073165 0.00 08.01.2015 Book
        Sree Sankaracharya University of Sanskrit Sree Sankaracharya University of Sanskrit Stacks 25.05.2018 525.00 H2009 VIJ/S 089657   25.05.2018 Book